Spanish textile tradition of New Mexico and Colorado, Museum of International Folk Art (Record no. 10199)

MARC details
000 -CABECERA
campo de control de longitud fija 01335nam a2200313 a 4500
001 - NÚMERO DE CONTROL
campo de control BRL_1388
005 - FECHA Y HORA DE LA ÚLTIMA TRANSACCIÓN
campo de control 20190320211159.0
008 - DATOS DE LONGITUD FIJA--INFORMACIÓN GENERAL
campo de control de longitud fija 100114s1979----u--ao#####---#000-0#eng-#
020 ## - NÚMERO INTERNACIONAL ESTÁNDAR DEL LIBRO
Número Internacional Estándar del Libro 0890131139
041 ## - CÓDIGO DE LENGUA
Código de lengua del texto/banda sonora o título independiente eng
044 ## - CÓDIGO DEL PAÍS DE LA ENTIDAD EDITORA/PRODUCTORA
Código MARC del país u
050 #4 - SIGNATURA TOPOGRÁFICA DE LA BIBLIOTECA DEL CONGRESO
Número de clasificación TS1306.U452
Número de documento/Ítem .S63 1973
245 10 - MENCIÓN DE TÍTULO
Título Spanish textile tradition of New Mexico and Colorado, Museum of International Folk Art
Mención de responsabilidad, etc. Editor Sarah Nestor ; photographer Cradoc Bagshaw (unless otherwise indicated)
260 ## - PUBLICACIÓN, DISTRIBUCIÓN, ETC.
Lugar de publicación, distribución, etc. Santa Fe, New Mexico
Nombre del editor, distribuidor, etc. Museum of New Mexico Press
Fecha de publicación, distribución, etc. 1979
300 ## - DESCRIPCIÓN FÍSICA
Extensión xi, 264 p.
Otras características físicas il., fotografías (a color), mapas
Dimensiones 21 cm.
440 #0 - MENCIÓN DE SERIE/PUNTO DE ACCESO ADICIONAL--TÍTULO
Título Series in Southwestern culture
9 (RLIN) 26737
500 ## - NOTA GENERAL
Nota general Au1618
500 ## - NOTA GENERAL
Nota general Exhibition held at the Museum of International Folk Art, Santa Fe; the American Museum of Natural History, New York; Joslyn Art Museum, Omaha, Neb.; and the Art Institute of Chicago.
504 ## - NOTA DE BIBLIOGRAFÍA, ETC.
Nota de bibliografía, etc. Bibliografía: p. 252-259.
650 14 - PUNTO DE ACCESO ADICIONAL DE MATERIA--TÉRMINO DE MATERIA
Término de materia o nombre geográfico como elemento de entrada Industria textil
Subdivisión de forma Exposiciones
Subdivisión geográfica Colorado
9 (RLIN) 26738
650 14 - PUNTO DE ACCESO ADICIONAL DE MATERIA--TÉRMINO DE MATERIA
Término de materia o nombre geográfico como elemento de entrada Telas
Subdivisión de forma Exposiciones
Subdivisión geográfica Colorado
9 (RLIN) 26739
650 14 - PUNTO DE ACCESO ADICIONAL DE MATERIA--TÉRMINO DE MATERIA
Término de materia o nombre geográfico como elemento de entrada Industria textil
Subdivisión de forma Exposiciones
Subdivisión geográfica Nuevo México
9 (RLIN) 26740
650 14 - PUNTO DE ACCESO ADICIONAL DE MATERIA--TÉRMINO DE MATERIA
Término de materia o nombre geográfico como elemento de entrada Telas
Subdivisión de forma Exposiciones
Subdivisión geográfica Nuevo México
9 (RLIN) 26741
700 1# - PUNTO DE ACCESO ADICIONAL--NOMBRE DE PERSONA
Nombre de persona Nestor, Sarah
Término indicativo de función/relación ed.
9 (RLIN) 26742
700 1# - PUNTO DE ACCESO ADICIONAL--NOMBRE DE PERSONA
Nombre de persona Bagshaw, Cradoc
Término indicativo de función/relación il.
9 (RLIN) 26743
710 2# - PUNTO DE ACCESO ADICIONAL--NOMBRE DE ENTIDAD CORPORATIVA
Nombre de entidad corporativa o nombre de jurisdicción como elemento de entrada Museum of International Folk Art
9 (RLIN) 26744
902 ## - CATALOGADOR
Iniciales GRL
942 ## - ELEMENTOS DE PUNTO DE ACCESO ADICIONAL (KOHA)
Fuente del sistema de clasificación o colocación Library of Congress Classification
Tipo de ítem Koha Libros
Holdings
Estado de retiro Estado de pérdida Estado dañado No para préstamo Localización permanente Ubicación/localización actual Fecha de adquisición Número de inventario Total de préstamos Signatura topográfica completa Código de barras Fecha visto por última vez Precio válido a partir de Tipo de ítem Koha
El ejemplar forma parte de la colección y puede ser consultado según las políticas vigentes.       Biblioteca Centro de Estudios Ruth D. Lechuga Biblioteca Centro de Estudios Ruth D. Lechuga 10/01/2014 Au1618   TS1306.U452 .S63 1973 (Au1618) GRL01546 22/03/2019 22/03/2019 Libros